000 005440000a22001810004500
003 MACL
005 20160610113752.0
008 160610b xxu||||| |||| 00| 0 eng d
040 _aMACL
_cmacl
041 _aHindi
082 _a741.642
100 _aजगतसिंह
_963703
245 _aबालक और अनुशासन
_cजगतसिंह
260 _aनई दिल्‍ली
_bप्रभात प्रकाशन
_c2002
350 _a75
650 _aChildren's Book
_963704
942 _cHIN
_k741.642
_2ddc
999 _c47116
_d47116